El proceso de cambio

Saved in:
Bibliografiske detaljer
Hovedforfatter: Papp, Peggy (autora)
Format: Bog
Sprog:spansk
Udgivet: Buenos Aires Paidos 1988
Serier:Grupos e instituciones, 20
Fag:
Tags: Tilføj Tag
Ingen Tags, Vær først til at tagge denne postø!

MARC

LEADER 00000nam a2200000 a 4500
001 UCW5920
003 CL-VaPUC
008 910827e19880000AG |||||||||||||||||spa|d
082 0 4 |a 616.891  |b PAP  |2 21 
100 |a Papp, Peggy  |e autora  |9 310967 
245 1 3 |a El proceso de cambio 
300 |a 259 p 
942 |c BK 
945 |d 19910827 00:00:00 
260 |a Buenos Aires  |b Paidos  |c 1988 
650 0 |a Psicoterapia familiar  |9 310747 
583 |a last modification  |c 19910827 00:00:00  |k Rodrigo Vera 
490 0 |a Grupos e instituciones, 20 
999 |c 219198  |d 219196 
952 |0 0  |1 0  |4 0  |6 616_891000000000000_PAP_1988  |7 0  |8 R  |9 209819  |a BIBEDU  |b BIBEDU  |c MCIRC  |d 2019-11-15  |i 2777371  |o 616.891 PAP 1988  |p 2777371  |r 2023-01-13  |w 2019-11-15  |y BK_R  |k EDU 
952 |0 0  |1 0  |4 0  |6 616_891000000000000_PAP_1988  |7 0  |8 R  |9 209820  |a BIBEDU  |b BIBEDU  |c MCIRC  |d 2019-11-15  |i 3532526  |o 616.891 PAP 1988  |p 3532526  |r 2023-01-13  |w 2019-11-15  |y BK_R  |k PSI 
952 |0 0  |1 0  |4 0  |6 616_891000000000000_PAP_1988  |7 0  |8 R  |9 209821  |a BIBEDU  |b BIBEDU  |c MCIRC  |d 2019-11-15  |i 3532534  |o 616.891 PAP 1988  |p 3532534  |r 2023-01-13  |w 2019-11-15  |y BK_R  |k PSI